Artificial Intelligence Techniques in Prolog
Αποθηκεύτηκε σε:
| Κύριος συγγραφέας: | |
|---|---|
| Μορφή: | Βιβλίο |
| Γλώσσα: | English |
| Δημοσίευση: |
San Francisco :
Morgan-Kaufmann Pub. Inc.,
c1994
|
| Θέματα: | |
| Ετικέτες: |
Προσθήκη ετικέτας
Δεν υπάρχουν, Καταχωρήστε ετικέτα πρώτοι!
|
MARC
| LEADER | 00000nam a2200000 i 4500 | ||
|---|---|---|---|
| 001 | 1/51387 | ||
| 008 | 950925s1994 eng d | ||
| 020 | |a 1-55860-167-8 | ||
| 035 | |1 ΕΛΗ |a 1995 |c ΒΟΥΡΟΣ |l 10044127 | ||
| 040 | |a GR-MY-UA |b gre |e aacr | ||
| 041 | 0 | |a eng | |
| 082 | 0 | |a 006.3 | |
| 100 | 1 | |a Shoham, Yoav. | |
| 245 | 1 | 0 | |a Artificial Intelligence Techniques in Prolog / |c Yoav Shoham |
| 260 | |a San Francisco : |b Morgan-Kaufmann Pub. Inc., |c c1994 | ||
| 300 | |a 327 p.; |c 24 cm. | ||
| 500 | |a Incluydes bibliographical references and index | ||
| 650 | 0 | 0 | |a Artificial intelligence |x Data processing. |
| 650 | 0 | 0 | |a Prolog (Computer program language) |
| 852 | |a INST |b SAMOS |e 19950925 |h 006.3 SHO |p 005300009864 |q 005300009864 |t BK |y 0 | ||
| 909 | |a Σ |b 044802 | ||